000 00442nam a22002057a 4500
003 OSt
005 20180116183009.0
008 150828b xxu||||| |||| 00| 0 eng d
020 _a0
040 _c0
082 _a813.54 ONS1973
100 _aKyle Onstott
245 _aDrum
_cKyle Onstott
260 _bPan
_c1977
300 _a476 p.
_bPB
440 _aDrum
600 _aKyle Onstott
700 _aKyle Onstott
942 _2ddc
_cBK
999 _c350178
_d350178